|
|
|
|
| LEADER |
00000cam a22000004a 4500 |
| 001 |
musev2_100016 |
| 003 |
MdBmJHUP |
| 005 |
20230905053458.0 |
| 006 |
m o d |
| 007 |
cr||||||||nn|n |
| 008 |
220215s2022 nyu o 00 0 eng d |
| 010 |
|
|
|z 2022005833
|
| 020 |
|
|
|a 9781501766701
|
| 020 |
|
|
|z 9781501766718
|
| 020 |
|
|
|z 9781501766695
|
| 020 |
|
|
|z 9781501766688
|
| 035 |
|
|
|a (OCoLC)1353268978
|
| 040 |
|
|
|a MdBmJHUP
|c MdBmJHUP
|
| 100 |
1 |
|
|a Klumbytė, Neringa,
|d 1974-
|e author.
|
| 245 |
1 |
0 |
|a Authoritarian Laughter :
|b Political Humor and Soviet Dystopia in Lithuania /
|c Neringa Klumbytė.
|
| 264 |
|
1 |
|a Ithaca, New York :
|b Cornell University Press,
|c 2022.
|
| 264 |
|
3 |
|a Baltimore, Md. :
|b Project MUSE,
|c 2023
|
| 264 |
|
4 |
|c ©2022.
|
| 300 |
|
|
|a 1 online resource (306 pages):
|b illustrations (black and white) ;
|
| 336 |
|
|
|a text
|b txt
|2 rdacontent
|
| 337 |
|
|
|a computer
|b c
|2 rdamedia
|
| 338 |
|
|
|a online resource
|b cr
|2 rdacarrier
|
| 505 |
0 |
|
|a Banality of Soviet power -- Political intimacy -- The Soviet predicament -- Censorial indistinction -- Political aesthetics -- Multidirectional laughter -- Satirical Justice -- Soviet dystopia -- Post scriptum: Revolution and post-authoritarian laughter -- Conclusion: Lost laughter and authoritarian stigma.
|
| 520 |
|
|
|a "This book explores the authoritarian state project to create an official humor culture in Soviet Lithuania in 1956-1984. It focuses on the satire and humor magazine Broom (Sluota), which created multidirectional laughter and was a forum for a critical public united in anti-Soviet revolutionary laughter in the late 1980s"--
|c Provided by publisher.
|
| 588 |
|
|
|a Description based on print version record.
|
| 630 |
0 |
0 |
|a Šluota (Periodical)
|x Influence.
|
| 650 |
|
7 |
|a Politics and government
|x Humor.
|2 fast
|0 (OCoLC)fst01919765
|
| 650 |
|
7 |
|a Political satire, Lithuanian.
|2 fast
|0 (OCoLC)fst01736691
|
| 650 |
|
7 |
|a Influence (Literary, artistic, etc.)
|2 fast
|0 (OCoLC)fst00972484
|
| 650 |
|
0 |
|a Political satire, Lithuanian.
|
| 651 |
|
7 |
|a Lithuania.
|2 fast
|0 (OCoLC)fst01227863
|
| 651 |
|
6 |
|a Lituanie
|x Politique et gouvernement
|y 20e siecle
|x Humour.
|
| 651 |
|
0 |
|a Lithuania
|x Politics and government
|y 20th century
|x Humor.
|
| 655 |
|
7 |
|a Electronic books.
|2 local
|
| 710 |
2 |
|
|a Project Muse.
|e distributor
|
| 830 |
|
0 |
|a Book collections on Project MUSE.
|
| 856 |
4 |
0 |
|z Texto completo
|u https://projectmuse.uam.elogim.com/book/100016/
|
| 945 |
|
|
|a Project MUSE - Custom Collection
|
| 945 |
|
|
|a Project MUSE - 2023 Complete
|
| 945 |
|
|
|a Project MUSE - 2023 Political Science and Policy Studies
|
| 945 |
|
|
|a Project MUSE - 2023 Russian and East European Studies
|